Vista normal
Vista MARC
Entrada Personal Name
Número de registros utilizados en: 1
001 - CONTROL NUMBER
- control field: 17860
003 - CONTROL NUMBER IDENTIFIER
- control field: DLC
005 - DATE AND TIME OF LATEST TRANSACTION
- control field: 20260218140648.0
008 - FIXED-LENGTH DATA ELEMENTS
- fixed length control field: 030415n| azannaabn |n aaa
010 ## - LIBRARY OF CONGRESS CONTROL NUMBER
- LC control number: n 2003128157
035 ## - SYSTEM CONTROL NUMBER
- System control number: (DNLM)1229890
035 ## - SYSTEM CONTROL NUMBER
- System control number: (OCoLC)oca06027033
040 ## - CATALOGING SOURCE
- Original cataloging agency: DNLM
- Language of cataloging: spa
- Description conventions: rda
- Transcribing agency: Mx-PuUPA
- Modifying agency: DNLM
- Modifying agency: Mx-PuUPA
046 ## - SPECIAL CODED DATES
- Birth date: 19570704
100 1# - HEADING--PERSONAL NAME
- Personal name: Heinrich, Michael,
- Dates associated with a name: 1957 July 4-
373 ## - ASSOCIATED GROUP
- Associated group: Universidad de Londres
374 ## - OCCUPATION
- Occupation: Autor
- Occupation: Profesor de etnofarmacología y farmacognosia
375 ## - GENDER
- Gender: hombre
377 ## - ASSOCIATED LANGUAGE
- Language code: eng
670 ## - SOURCE DATA FOUND
- Source citation: Fundamentals of pharmacognosy and phytotherapy, 2004:
- Information found: CIP t.p. (Michael Heinrich, Dr.rer.nat.habil., MA (WSU), DipBiol FLS; prof. and head, Centre for Pharmacognosy, School of Pharmacy, Univ. of London, London, UK)
670 ## - SOURCE DATA FOUND
- Source citation: University of London Centre for Pharmacognosy and Phytotherapy website, viewed Apr. 9, 2003
- Information found: (Prof. Dr. Michael Heinrich; b. July 4, 1957 in Karlsruhe)